2023 WNBA Draft Round 1 Picks - Statistics

General Stats
  • This quiz has been taken 27 times
  • The average score is 4 of 12
Answer Stats
Pick Player Team % Correct
1 Aliyah Boston Indiana Fever
100%
6 Haley Jones Atlanta Dream
50%
3 Maddy Siegrist Dallas Wings
42%
2 Diamond Miller Minnesota Lynx
35%
7 Grace Berger Indiana Fever
35%
10 Zia Cooke Los Angeles Sparks
31%
4 Stephanie Soares Washington Mystics
23%
9 Jordan Horston Seattle Storm
19%
8 Laeticia Amihere Atlanta Dream
19%
5 Lou Lopez Sénéchal Dallas Wings
19%
11 Abby Meyers Dallas Wings
12%
12 Maïa Hirsch Minnesota Lynx
12%
No matching quizzes found
Score Distribution
Percent of People with Each Score
Percentile by Number Answered
Your Score History
You have not taken this quiz